Personal Finance (Record no. 2315)

MARC details
000 -LEADER
fixed length control field 00428nam a2200157Ia 4500
008 - FIXED-LENGTH DATA ELEMENTS--GENERAL INFORMATION
fixed length control field 230312s9999||||xx |||||||||||||| ||und||
020 ## - INTERNATIONAL STANDARD BOOK NUMBER
International Standard Book Number 0-07-118872-X
082 ## - DEWEY DECIMAL CLASSIFICATION NUMBER
Classification number 332.024
Item number KAP
100 ## - MAIN ENTRY--PERSONAL NAME
Personal name Kapoor,Jack R.
245 #0 - TITLE STATEMENT
Title Personal Finance
260 ## - PUBLICATION, DISTRIBUTION, ETC.
Name of publisher, distributor, etc. McGraw Hill
Place of publication, distribution, etc. New York
Date of publication, distribution, etc. 2001
300 ## - PHYSICAL DESCRIPTION
Extent 678
546 ## - LANGUAGE NOTE
Language note Eng.
650 ## - SUBJECT ADDED ENTRY--TOPICAL TERM
Topical term or geographic name entry element Economics
Form subdivision Planning your Personal Finances , Controlling your Financial Future
942 ## - ADDED ENTRY ELEMENTS (KOHA)
Koha item type BOOK

No items available.

Powered by Koha